| 000 | 00639nam a2200181Ia 4500 | ||
|---|---|---|---|
| 008 | 151202s9999||||xx |||||||||||||| ||und|| | ||
| 082 | _bPNVM-48799 | ||
| 100 | _aताम्हनकर मंजरी. | ||
| 245 | _aदासबोधाची बोधकथा. | ||
| 260 | _b"शिल्पा प्रकाशन,पुणे." | ||
| 260 | _c2004 | ||
| 300 | _a26 | ||
| 600 | _aताम्हनकर मंजरी. | ||
| 630 | _aदासबोधाची बोधकथा. | ||
| 700 | _aताम्हनकर मंजरी. | ||
| 730 | _aदासबोधाची बोधकथा. | ||
| 942 | _cBOOK | ||
| 999 |
_c1314736 _d1314733 |
||